Introduction to leadership: concepts and practice. (3rd edition) (Record no. 47816)

MARC details
000 -LEADER
fixed length control field 00747nam a2200205 a 4500
008 - FIXED-LENGTH DATA ELEMENTS--GENERAL INFORMATION
fixed length control field 170224s2015 ||||||||||||||||| || u
020 ## - INTERNATIONAL STANDARD BOOK NUMBER
International Standard Book Number 9781452259666
050 ## - LIBRARY OF CONGRESS CALL NUMBER
Classification number HM 1261 Nor
100 ## - MAIN ENTRY--PERSONAL NAME
Personal name Northouse, Peter G
245 10 - TITLE STATEMENT
Title Introduction to leadership: concepts and practice. (3rd edition)
Statement of responsibility, etc. By Peter G. Northouse
250 ## - EDITION STATEMENT
Edition statement 3rd ed.
260 ## - PUBLICATION, DISTRIBUTION, ETC.
Place of publication, distribution, etc. London
Name of publisher, distributor, etc. SAGE Publications Ltd
Date of publication, distribution, etc. 2015
260 ## - PUBLICATION, DISTRIBUTION, ETC.
Place of publication, distribution, etc. London
Name of publisher, distributor, etc. SAGE Publications
Date of publication, distribution, etc. 2015
300 ## - PHYSICAL DESCRIPTION
Extent xxi, 326p.: ill.
350 ## - PRICE (NR) (BK AM CF MU VM SE) [OBSOLETE]
Price 16.17
650 #0 - SUBJECT ADDED ENTRY--TOPICAL TERM
Topical term or geographic name entry element LEADERSHIP--CASE STUDIES
650 #0 - SUBJECT ADDED ENTRY--TOPICAL TERM
Topical term or geographic name entry element MANAGEMENT
650 #0 - SUBJECT ADDED ENTRY--TOPICAL TERM
Topical term or geographic name entry element LEADERSHIP
995 ## - RECOMMENDATION 995 [LOCAL, UNIMARC FRANCE]
-- CBU-MAIN LIBRARY (Kitwe)
-- 16.17
-- 1
-- AVAILABLE
-- Feb 24, 2017
-- Main Library Open Access Collection
Holdings
Withdrawn status Lost status Source of classification or shelving scheme Damaged status Not for loan Home library Current library Shelving location Date acquired Total Checkouts Full call number Barcode Date last seen Price effective from Koha item type
          CBU-MAIN LIBRARY, KITWE. CBU-MAIN LIBRARY, KITWE.   11/30/2022   HM 1261 Nor 747644 11/30/2022 11/30/2022 MONOGRAPH